000 00464cam5a220018100 4500
001 tmp15948809
003 UPRA
005 20190822105459.0
008 951115s1977 xx eng u
035 _a(Sirsi) r50668
035 _a(UPRA)tmp15948809
040 _cUPRA
100 1 _aWilson, Jerry D.
_6A8542.1
245 1 0 _aPhysics :
_bconcepts and applications.
260 _c1977.
949 _aQC32
_wlcc
_i-64089
_mMAIN
_p5000
_tBOOK
_lON-SHELF
004 50668
999 _c131261
_d131261